[Event "Stuttgart-chB int"]
[Site "Ditzingen"]
[Date "2016.05.07"]
[Round "5"]
[White "Lin, Jean Claude"]
[Black "Hornung, Richard"]
[Result "0-1"]
[WhiteElo "1347"]
[BlackElo "1662"]
[PlyCount "60"]
[EventDate "2016.05.05"]
[EventType "swiss"]
[EventRounds "7"]
[EventCountry "GER"]
[SourceTitle "EXT 2018"]
[Source "ChessBase"]
[SourceDate "2017.10.13"]
[SourceVersion "1"]
[SourceVersionDate "2017.10.13"]
[SourceQuality "1"]

1. d4 Nf6 2. c4 c6 3. Nc3 d5 4. e3 e6 5. Nf3 Be7 6. Bd3 0-0 7. 0-0 a5 8. a4 Na6 9. b3 Nb4 10. Bb1 b6 11. Re1 Ba6 12. e4 dxc4 13. e5 Nfd5 14. Ne4 Nd3 15. Re2 Nxc1 16. Qxc1 cxb3 17. Rb2 Nb4 18. Rxb3 Qd5 19. Ned2 Rac8 20. Be4 Qd8 21. Nc4 c5 22. dxc5 Rxc5 23. Rc3 Qc7 24. Nfd2 Bg5 25. Qd1 Bxd2 26. Qxd2 Rxc4 27. Rxc4 Qxc4 28. Bf3 Rc8 29. Rd1 g6 30. Rc1 Qxc1+ 0-1

[Event "Stuttgart-chB int"]
[Site "Gerlingen"]
[Date "2007.05.18"]
[Round "4"]
[White "Lin, Jean Claude"]
[Black "Jenke, Thomas Marcus"]
[Result "1/2-1/2"]
[WhiteElo "1383"]
[BlackElo "1800"]
[PlyCount "79"]
[EventDate "2007.05.17"]
[EventType "swiss"]
[EventRounds "7"]
[EventCountry "GER"]
[SourceTitle "EXT 2018"]
[Source "ChessBase"]
[SourceDate "2017.10.13"]
[SourceVersion "1"]
[SourceVersionDate "2017.10.13"]
[SourceQuality "1"]

1. e4 c5 2. Nf3 d6 3. d4 cxd4 4. Nxd4 Nf6 5. Nc3 a6 6. Be3 e5 7. Nb3 Be7 8. Qd2 Be6 9. f3 h5 10. h4 Nbd7 11. 0-0-0 b5 12. Nd5 Nxd5 13. exd5 Bf5 14. Bd3 Bxd3 15. Qxd3 Bxh4 16. f4 g6 17. fxe5 Nxe5 18. Qe4 Bf6 19. g4 h4 20. Rdg1 Kd7 21. g5 Bg7 22. Rf1 f5 23. gxf6 Bxf6 24. Kb1 Rc8 25. Nd2 Rh5 26. Qb4 Nc4 27. Ne4 Rf5 28. Rxf5 gxf5 29. Nxf6+ Qxf6 30. Bc1 Rc5 31. Rd1 Qe5 32. b3 a5 33. Qe1 Qxe1 34. Rxe1 Nb6 35. Rh1 Rxd5 36. Rxh4 Rd1 37. Kb2 a4 38. a3 Ke6 39. Rb4 axb3 40. cxb3 1/2-1/2